LEADER 01297nam--2200373---450 001 990000697590203316 005 20200617084144.0 010 $a3-598-20674-7 035 $a0069759 035 $aUSA010069759 035 $a(ALEPH)000069759USA01 035 $a0069759 100 $a20011019d1994----km-y0itay0103----ba 101 $aeng 101 $afre 102 $aDE 105 $a||||||||001yy 200 1 $aIFLA annual, 1993$eproceedings of the 59th General Conference$eBarcelona, 1993$eannual reports$dActes de la 59ème Session du Conseil et de la Conférence générale : Barcelona, 1993 : rapports annuels 210 $aMünchen$cK.G. Saur$d1994 215 $d372 p.$a24 cm 300 $aIn testa al frontespizio: International Federation of Library Association and Institutions 410 $12001 606 0 $aBibliotecari$xAssociazioni$xCongressi$z1993 606 0 $aCongressi$yBarcelona$z1993 676 $a020.621 710 12$aIFLA General Conference <59. ; 1993 ; Barcelona>$0549058 801 0$aIT$bsalbc$gISBD 912 $a990000697590203316 951 $aI.2.B. 392(XIII D 130/1993)$b117625 L.M.$cXIII D 951 $aI.2.B. 392a(XIII D 130/1993 BIS)$b117750 L.M.$cXIII D 959 $aBK 969 $aECO 996 $aIFLA annual, 1993$9961795 997 $aUNISA LEADER 04642nam 2200781Ia 450 001 9910960009003321 005 20251117080812.0 010 $a1-136-71764-1 010 $a1-280-66561-0 010 $a9786613642547 010 $a1-136-71765-X 010 $a0-203-81580-7 024 7 $a10.4324/9780203815809 035 $a(CKB)2670000000173912 035 $a(EBL)728248 035 $a(OCoLC)797918735 035 $a(SSID)ssj0000676811 035 $a(PQKBManifestationID)11459319 035 $a(PQKBTitleCode)TC0000676811 035 $a(PQKBWorkID)10685335 035 $a(PQKB)10957886 035 $a(MiAaPQ)EBC728248 035 $a(Au-PeEL)EBL728248 035 $a(CaPaEBR)ebr10551371 035 $a(CaONFJC)MIL364254 035 $a(OCoLC)794379479 035 $a(EXLCZ)992670000000173912 100 $a20101126d2011 uy 0 101 0 $aeng 135 $aur|n|---||||| 181 $ctxt 182 $cc 183 $acr 200 00$aBeyond cognitive metaphor theory $eperspectives on literary metaphor /$fedited by Monika Fludernik 205 $a1st ed. 210 $aNew York $cRoutledge$d2011 215 $a1 online resource (316 p.) 225 1 $aRoutledge studies in rhetoric and stylistics ;$v3 300 $aDescription based upon print version of record. 311 08$a0-415-85412-1 311 08$a0-415-88828-X 320 $aIncludes bibliographical references and indexes. 327 $aFront Cover; Beyond Cognitive Metaphor Theory; Copyright Page; Contents; List of Figures; List of Tables; Acknowledgments; Introduction: Monika Fludernik; Part I: Indigenous Non-Cognitive Approaches to Metaphor; 1. Systematizing Verbal Imagery: On a Sonnet by Du Bellay: Hans Georg Coenen; 2. Catachresis-A Metaphor or a Figure in Its Own Right?: Elz?bieta Chrzanowska-Kluczewska; 3. Literary Metaphor between Cognition and Narration: The Sandman Revisited: Benjamin Biebuyck and Gunther Martens 327 $a4. Reaching Beyond Silence: Metaphors of Ineffability in EnglishPoetry-Donne, Wordsworth, Keats, Eliot: Ina Habermann5. Literary Criticism Writes Back to Metaphor Theory: Exploring the Relation between Extended Metaphorand Narrative in Literature: Bo Pettersson; 6. Metaphors in Context: The Communicative Structureof Figurative Language: Tamar Yacobi; Part II: Cognitive Metaphor Theory and Literary Analysis; 7. Conceptual Metaphor and Communication: An Austinian andGricean Analysis of Brian Clark's Whose Life Is It Anyway?: John Douthwaite 327 $a8. The Role of Metaphor in Poetic Iconicity: Margaret H. Freeman9. "One should never underestimate the power of books": Writing and Reading as Therapy inPaul Auster's Novels: Beatrix Busse; 10. Metaphor Sets in The Turn the Screw: What Conceptual Metaphors Reveal about Narrative Functions: Michael Kimmel; 11. Hyperliteralist Metaphor: Ralph Mu?ller: The Cognitive Poetics ofRobert Musil in His Novella"Die Portugiesin"; 12. Storyworld Metaphors in Swift's Satire: Michael Sinding; 13. Conventional Metaphor and the Latent Ideology of Racism: Andrew Goatly 327 $a14. The JOURNEY Metaphor and the Source-Path-Goal Schema in Agne?s Varda's Autobiographical GLEANING Documentaries: Charles ForcevilleContributors; Author Index; Subject Index 330 $aIn this innovative collection, an international group of scholars come together to discuss literary metaphors and cognitive metaphor theory. The volume's goals are three-fold. The first aim of the book is to present some recent approaches to metaphor which have no immediate connection with cognitive metaphor theory and have developed independently of it. While the cognitive approach has become the leading paradigm in the English speaking world, elsewhere (in Europe) rhetorical, semantic, and logical models have remained in use and continue to be elaborated. These models have so far had litt 410 0$aRoutledge studies in rhetoric and stylistics ;$v3. 606 $aMetaphor in literature 606 $aMetaphor 606 $aFigures of speech in literature 606 $aCognition in literature 606 $aDiscourse analysis, Literary 615 0$aMetaphor in literature. 615 0$aMetaphor. 615 0$aFigures of speech in literature. 615 0$aCognition in literature. 615 0$aDiscourse analysis, Literary. 676 $a809/.915 686 $aEC 3765$2rvk 701 $aFludernik$b Monika$0468125 801 0$bMiAaPQ 801 1$bMiAaPQ 801 2$bMiAaPQ 906 $aBOOK 912 $a9910960009003321 996 $aBeyond cognitive metaphor theory$94486973 997 $aUNINA